00659cam a22002411 4500001001300000003000400013005001700017008004100034010001700075025002000092035002000112040001800132042001200150050001700162100001500179245007000194250001400264260003700278300001900315504003000334650003600364999001700400sa 65000794 DLC20260227112105.0850817s1964 io bf 000 0 ind  asa 65000794  aPL480:Indo-1182 a(OCoLC)12395721 aDLCcKyUdDLC apremarc00aBP161.2b.S90 aSjafaʼat.10aPengantar studi Islam,bmengantarkan pembatja manggali api Islam. a[Tjet. 1] aDjakarta,bBulan Bintang,c1964. a132 p.c20 cm. aBibliography: p. 131-132. 0aIslamvHandbooks, manuals, etc. c61750d61750